Noticia històrica de la vila de Sampedor / escrita per el Mossen Anton Vila y Sala
Descripción Física:
X, 307 p., [5] làm. ; 26 cm
Materias:
Santpedor -- Història
MARC
| LEADER | 00000nam a2200000Ia 4500 | ||
|---|---|---|---|
| 001 | 951 | ||
| 008 | 160829s1898 xx 000 0 cat d | ||
| 080 | |a H-1-47 | ||
| 100 | |a Vila i Sala, Anton |9 22442 | ||
| 245 | |a Noticia històrica de la vila de Sampedor / escrita per el Mossen Anton Vila y Sala | ||
| 260 | |a Manresa : |b (Imp. Anton Esparbé), |c 1898 | ||
| 300 | |a X, 307 p., [5] làm. ; |c 26 cm | ||
| 650 | |a Santpedor |x Història |9 22443 | ||
| 901 | |a Arxiu | ||
| 942 | |n 1 | ||
| 952 | |0 0 |1 0 |4 0 |6 H147 |7 1 |9 42224 |a Arxiu |b Arxiu |d 2016-12-01 |l 0 |o H-1-47 |p 951 |r 2016-12-01 00:00:00 |w 2016-12-01 |y ARXIU | ||
| 999 | |c 44671 |d 44671 | ||